L'homme sensible dans la capitale. Épı̂tre. Par M. le Marquis de ***.

Bibliographic Details
Format: eBook
Language:French
Published: Londres, [publisher not identified] ; 1772.
Series:Eighteenth century collections online.
Online Access:Full text online

MARC

Tag First Indicator Second Indicator Subfields
LEADER 00000cam a2200000 4500
001 in00001925170
006 m | d |
007 cr |n||||||||n
008 791208s1772 enk|||| s 00||||fre d
005 20260403172410.1
035 |a (CStRLIN)ESTCT71750 
040 |a Uk-ES  |c Uk-ES  |d CStRLIN  |d Thomson Gale  |d UtOrBLW 
245 0 2 |a L'homme sensible dans la capitale. Épı̂tre. Par M. le Marquis de ***. 
264 1 |a Londres,  |b [publisher not identified] ;  |c 1772. 
300 |a 12p. ;  |c 8⁰. 
336 |a text  |b txt  |2 rdacontent 
337 |a computer  |b c  |2 rdamedia 
338 |a online resource  |b cr  |2 rdacarrier 
500 |a M. le Marquis de *** sometimes identified as Masson de Pezay. 
500 |a Reproduction of original from the British Library. 
510 4 |a English Short Title Catalog,  |c ESTCT71750. 
533 |a Electronic reproduction.  |b Farmington Hills, Mich. :  |c Thomson Gale,  |d 2003.  |n Available via the World Wide Web.  |n Access limited by licensing agreements  |7 s2003 miunns 
500 |a Electronic resource. 
830 0 |a Eighteenth century collections online. 
856 4 0 |u http://proxy.library.tamu.edu/login?url=https://galenet.galegroup.com/servlet/ECCO?c=1&stp=Author&ste=11&af=BN&ae=T071750&tiPG=1&dd=0&dc=flc&docNum=CW116497279&vrsn=1.0&srchtp=a&d4=0.33&n=10&SU=0LRK&locID=txshracd2898  |z Full text online  |t 0 
999 |a MARS 
999 f f |s 66d1318f-e0a8-3e34-a554-3e9c881bc70b  |i d08e6e15-2f44-3f2a-b659-6d786798248b  |t 0 
952 f f |a Texas A&M University  |b College Station  |c Electronic Resources  |s www_evans  |d Available Online  |t 0  |h No information provided 
998 f f |t 0  |l Available Online